Political dynamics in the middle east (Record no. 621156)

MARC details
000 -LEADER
fixed length control field 00821nam a2200265Ia 4500
003 - CONTROL NUMBER IDENTIFIER
control field OSt
005 - DATE AND TIME OF LATEST TRANSACTION
control field 20220926011838.0
008 - FIXED-LENGTH DATA ELEMENTS--GENERAL INFORMATION
fixed length control field 220923b |||||||| |||| 00| 0 eng d
037 ## - SOURCE OF ACQUISITION
Terms of availability General Book
040 ## - CATALOGING SOURCE
Original cataloging agency RTL
Transcribing agency RTL
Language of cataloging eng
041 ## - LANGUAGE CODE
Source of code eng
Language code of text/sound track or separate title eng
100 ## - MAIN ENTRY--PERSONAL NAME
Personal name Hammond Paul Y
245 #0 - TITLE STATEMENT
Title Political dynamics in the middle east
260 ## - PUBLICATION, DISTRIBUTION, ETC.
Place of publication, distribution, etc. New York
Name of publisher, distributor, etc. American Elsevier
Date of publication, distribution, etc. 1972
300 ## - PHYSICAL DESCRIPTION
Extent xxxvi, 668p
Dimensions cm.
490 ## - SERIES STATEMENT
Series statement Middle East Economic and Political Problems and Prospects
500 ## - GENERAL NOTE
General note Bibliography: P 667-68
650 ## - SUBJECT ADDED ENTRY--TOPICAL TERM
Topical term or geographic name entry element Political Sociology
700 ## - ADDED ENTRY--PERSONAL NAME
Personal name Alexander Sidney S Ed.
9 (RLIN) 315099
942 ## - ADDED ENTRY ELEMENTS (KOHA)
Classification part Y9(W).46.N7, L2
Koha item type General Books
Source of classification or shelving scheme Colon Classification (CC)
Holdings
Withdrawn status Lost status Damaged status Not for loan Home library Current library Date acquired Total Checkouts Full call number Barcode Date last seen Price effective from Koha item type
        Ratan Tata Library Ratan Tata Library 2022-09-26   Y9(W).46.N7 L2 RT0069899 2022-09-26 2022-09-26 General Books
Copyright @ Delhi University Library System